| 000 | 01882cam a22004814i 4500 | ||
|---|---|---|---|
| 003 | PE-LiUPU | ||
| 005 | 20250731184535.0 | ||
| 008 | 150623s1993 nyua rb 000 0 eng d | ||
| 020 | _a0415186072 | ||
| 035 | _a(Sirsi) i9780415186070 | ||
| 040 |
_aPE-LiUPU _bspa _cPE-LiUPU _erda |
||
| 049 | _aPRUA | ||
| 082 | 0 | 4 |
_a939.4 _bM17 _221 |
| 100 | 1 |
_aMaisels, Charles Keith, _eautor. |
|
| 245 | 1 | 4 |
_aThe near east: archaeology in the 'Cradle of civilization' / _cCharles Keith Maisels. |
| 264 | 1 |
_aNew York, NY : _bRoutledge, _c1993. |
|
| 300 |
_a243 páginas : _bilustraciones ; _c23 centímetros |
||
| 336 |
_atext _2rdacontent |
||
| 337 |
_aunmediated _2rdamedia |
||
| 338 |
_avolume _2rdacarrier |
||
| 504 | _aIncluye bibliografía. | ||
| 505 | 0 | _aAn artefactual basis for tha past -- Digging before axcavation -- Practical pioneers and theoretical problems -- Harbingers in the levant - The land that two rivers made -- The Ubaidian inheritance -- The household as enterprise -- what we're getting to know and what we need to do. | |
| 526 | _aP136 | ||
| 526 | _aP135 | ||
| 526 | _aP134 | ||
| 526 | _aP133 | ||
| 526 | _aP144 | ||
| 526 | _aP143 | ||
| 526 | _aP87 | ||
| 526 | _aP35 | ||
| 526 | _aP20 | ||
| 526 | _aP14 | ||
| 526 | _aP10 | ||
| 526 | _aP06 | ||
| 650 | 0 | 4 |
_aArqueología _zCercano Oriente _xHistoria _ySiglo IXX. |
| 651 |
_aOriente Cercano _xCivilización _ya 622. |
||
| 942 |
_2ddc _cBOOK |
||
| 949 |
_a939.4 M17 _wDEWEY _c1 _i48169 _d2015-10-7 _e2015-10-7 _lCCODEBUL1 _mBUL _n1 _r0 _sY _tBOOK _u2015-6-24 _xTEOLOGIA _PP35 _0COMPRA _o.STAFF. Colección General |
||
| 994 |
_aC0 _bPEPRU |
||
| 596 | _a1 | ||
| 999 |
_a939.4 M17 _wDEWEY _c25144 _i48169 _d25144 _e2015-10-7 _f2021-11-11 _g5 _lCCODEBUL1 _mBUL _n1 _p43.20 _q1 _r0 _sY _tBOOK _u2015-6-24 _xTEOLOGIA _PP35 _0COMPRA _o.STAFF. Colección Teología |
||
| 980 |
_81 _gALBERTO SANCHEZ Responsable de Automatización |
||